Province italiane più popolose - Statistics

Statistiche generali
  • Questo quiz è stato fatto 228 volte
  • Il punteggio medio è 17 su 20
Statistiche sulle risposte
Popolazione Provincia % Corretto
4.231.451 Roma
100%
2.219.206 Torino
100%
3.241.813 Milano
99%
2.986.745 Napoli
99%
998.431 Firenze
98%
1.208.819 Palermo
97%
1.230.158 Bari
96%
1.015.608 Bologna
96%
843.545 Venezia
94%
1.074.089 Catania
92%
927.810 Verona
90%
1.255.709 Brescia
86%
1.103.556 Bergamo
85%
932.629 Padova
77%
1.065.967 Salerno
77%
870.113 Monza e della Brianza
72%
854.962 Vicenza
70%
901.903 Caserta
64%
880.093 Varese
64%
880.417 Treviso
54%
Nessun quiz corrispondente trovato
Distribuzione punteggi
Percentuale di utenti per punteggio
Percentile per numero di risposta
I tuoi punteggi nel tempo
Non hai fatto questo quiz